000 00588nam a2200193 i 4500
001 13977
003 ES-MaACL
005 20230906150713.0
007 t|
008 980825s1997 sp ||||1| spa d
020 _a84-88081-10-3
080 _a070(460.11)(091)
245 0 3 _aEl periodismo gallego en los siglos XIX y XX /
_cManuel Mourelle de Lema, editor literario.
260 _aMadrid :
_bGrugalma,
_c1997.
300 _a121 p. :
_bil. ;
_c24 cm.
650 4 _aPeriodismo-
_zGalicia.
_915948
700 1 _aMourelle de Lema, Manuel.
_983896
852 _aES-MaACL
_jL-21301
_bR.126455
999 _c13977
_d13977